LEADER 00830nam a2200205 4500 001 000000367703 003 CaOOAMICUS 005 20260511151844.0 008 260511s2019 it a 000 u ita r 040 $aSeMil$bita 245 10$a7: Dai Sibillini al Parco Nazionale d'Abruzzo. 264 1$aRoma :$bGEDI Gruppo Editoriale,$c2019. 300 $a159 p. :$bill. ;$c24 cm 773 0 $aClub Alpino italiano$tMontagne incantate.$dRoma : GEDI Gruppo Editoriale, 2019-$g7$w()367693 850 $aSeMil 852 $aSeMil$W1$xVenegono$y1$m4Y IV 266$j271715$B258366$CSeMilBibl$Z2$F258366 $81 961 $aCaspani Maurizio - Lascito 996 $6245$a7: Dai Sibillini al Parco Nazionale d'Abruzzo$9(OLS)http://semarc/title/459689 996 $6264$aRoma :$bGEDI Gruppo Editoriale$9(OLS)http://semarc/publisher/56872